[Event "Ruhrgebiet Bezirksliga 16/17"]
[Site "Ruhrgebiet"]
[Date "2017.04.23"]
[Round "11.6"]
[White "Jacobs, Armin"]
[Black "Krukowski, Wojtek"]
[Result "1-0"]
[WhiteElo "1540"]
[BlackElo "1595"]
[PlyCount "51"]
[EventDate "2016.08.28"]
[EventType "team-tourn"]
[EventRounds "11"]
[EventCountry "GER"]
[SourceTitle "EXT 2022"]
[Source "ChessBase"]
[SourceDate "2021.10.06"]
[SourceVersion "1"]
[SourceVersionDate "2021.10.06"]
[SourceQuality "1"]
[WhiteTeam "Luenen Horstmar SC II"]
[BlackTeam "Hamm Koenigsspringer II"]
[WhiteTeamCountry "GER"]
[BlackTeamCountry "GER"]

1. e4 e6 2. Nf3 c5 3. Nc3 a6 4. d4 cxd4 5. Nxd4 Nc6 6. Bc4 h6 7. 0-0 Nf6 8. a3 Bc5 9. Be3 Ne5 10. Ba2 b6 11. b4 Be7 12. h3 Bb7 13. f3 0-0 14. Qd2 Rc8 15. Bb3 Ne8 16. Nce2 Nd6 17. Bf4 Nec4 18. Qe1 e5 19. Bxh6 gxh6 20. Nf5 Nxf5 21. exf5 Ne3 22. Qg3+ Kh7 23. Qxe5 Nxf1 24. f6 Bxf6 25. Qf5+ Kg8 26. Qg6+ 1-0

[Event "Ruhrgebiet Bezirksliga 16/17"]
[Site "Ruhrgebiet"]
[Date "2017.01.22"]
[Round "7.7"]
[White "Jacobs, Armin"]
[Black "Brieger, Sebastian"]
[Result "1/2-1/2"]
[WhiteElo "1540"]
[BlackElo "1620"]
[PlyCount "62"]
[EventDate "2016.08.28"]
[EventType "team-tourn"]
[EventRounds "11"]
[EventCountry "GER"]
[SourceTitle "EXT 2022"]
[Source "ChessBase"]
[SourceDate "2021.10.06"]
[SourceVersion "1"]
[SourceVersionDate "2021.10.06"]
[SourceQuality "1"]
[WhiteTeam "Luenen Horstmar SC II"]
[BlackTeam "Hamm SV II"]
[WhiteTeamCountry "GER"]
[BlackTeamCountry "GER"]

1. e4 c5 2. Nf3 e6 3. Nc3 Nc6 4. d4 cxd4 5. Nxd4 Bb4 6. Ndb5 d5 7. exd5 exd5 8. a3 Bxc3+ 9. Nxc3 Be6 10. Bb5 h6 11. 0-0 Nf6 12. b3 a6 13. Bd3 0-0 14. Qf3 Ne5 15. Qg3 Nxd3 16. Qxd3 Qc7 17. Ne2 Rac8 18. Ra2 Rfe8 19. Bf4 Qc6 20. Nd4 Qc3 21. Qxc3 Rxc3 22. Be5 Nd7 23. Bd6 f6 24. Re1 Bf7 25. Rxe8+ Bxe8 26. Bb4 Rc7 27. Ne6 Rc8 28. Kf1 Bf7 29. Nd4 Ne5 30. Ke2 Bg6 31. h3 Kf7 1/2-1/2

[Event "Ruhrgebiet Bezirksliga 16/17"]
[Site "Ruhrgebiet"]
[Date "2016.12.11"]
[Round "5.7"]
[White "Jacobs, Armin"]
[Black "Schreiber, Alfred"]
[Result "1/2-1/2"]
[WhiteElo "1540"]
[BlackElo "1712"]
[PlyCount "51"]
[EventDate "2016.08.28"]
[EventType "team-tourn"]
[EventRounds "11"]
[EventCountry "GER"]
[SourceTitle "EXT 2022"]
[Source "ChessBase"]
[SourceDate "2021.10.06"]
[SourceVersion "1"]
[SourceVersionDate "2021.10.06"]
[SourceQuality "1"]
[WhiteTeam "Luenen Horstmar SC II"]
[BlackTeam "Werne SK"]
[WhiteTeamCountry "GER"]
[BlackTeamCountry "GER"]

1. e4 c5 2. Nf3 Nc6 3. Bc4 g6 4. 0-0 Bg7 5. c3 e6 6. Re1 d6 7. d4 cxd4 8. cxd4 Nge7 9. d5 Ne5 10. Nxe5 Bxe5 11. dxe6 Bxe6 12. Bxe6 fxe6 13. Qb3 Qd7 14. Bh6 Nc6 15. Nd2 Nd4 16. Qd3 Rc8 17. Rac1 Rxc1 18. Rxc1 Bf6 19. Rc4 Nc6 20. Qc2 Kf7 21. Nf3 Rc8 22. Qc1 Ne7 23. Rxc8 Qxc8 24. Qxc8 Nxc8 25. Ng5+ Bxg5 26. Bxg5 1/2-1/2

[Event "Ruhrgebiet Bezirksliga 15/16"]
[Site "Ruhrgebiet"]
[Date "2016.02.28"]
[Round "8.8"]
[White "Huelsse, Timo Rene"]
[Black "Jacobs, Armin"]
[Result "0-1"]
[WhiteElo "1034"]
[BlackElo "1549"]
[PlyCount "46"]
[EventDate "2015.08.30"]
[EventType "team-tourn"]
[EventRounds "9"]
[EventCountry "GER"]
[SourceTitle "EXT 2022"]
[Source "ChessBase"]
[SourceDate "2021.10.06"]
[SourceVersion "1"]
[SourceVersionDate "2021.10.06"]
[SourceQuality "1"]
[WhiteTeam "Hamm SVg II"]
[BlackTeam "Luenen Horstmar SC"]
[WhiteTeamCountry "GER"]
[BlackTeamCountry "GER"]

1. e4 e5 2. Nf3 Nc6 3. Bc4 Nf6 4. d3 Bc5 5. Nc3 0-0 6. 0-0 h6 7. Nd5 Nxd5 8. Bxd5 d6 9. Bxc6 bxc6 10. Qd2 Bg4 11. Qe2 f5 12. Be3 Bb6 13. Bxb6 axb6 14. exf5 Rxf5 15. Qe4 Rf4 16. Qxc6 Bxf3 17. gxf3 Qg5+ 18. Kh1 Raf8 19. Qxc7 Qh5 20. Qc6 Rh4 21. Qd5+ Kh8 22. Qxd6 Qxf3+ 23. Kg1 Rg4# 0-1